| 000 | 00495nam a2200181Ia 4500 | ||
|---|---|---|---|
| 008 | 230718s9999 xx 000 0 und d | ||
| 020 | _a9789382956969 | ||
| 041 | _aeng | ||
| 082 |
_a546 _bPUR |
||
| 100 | _aPuri B.R. | ||
| 245 | _aPrinciples Of Inorganic Chemistry | ||
| 250 | _a3rd ed. | ||
| 260 |
_c2016 _bVishal Publishing |
||
| 300 | _a1170 | ||
| 365 |
_cRs. _b675.00 |
||
| 700 | _aPuri B.R.; Sharma L.R. & Kalia K.C. | ||
| 906 |
_dO:0370112-Jan-2017B:SE/SI/363505-Jan-2017 _cBSH _b810 |
||
| 999 |
_c344035 _d344035 |
||